Roman law / (Record no. 1147)
[ view plain ]
| 000 -LEADER | |
|---|---|
| fixed length control field | 00546cam a2200217u 4500 |
| 001 - CONTROL NUMBER | |
| control field | 13714 |
| 003 - CONTROL NUMBER IDENTIFIER | |
| control field | BD-DhUAP |
| 005 - DATE AND TIME OF LATEST TRANSACTION | |
| control field | 20200203114955.0 |
| 008 - FIXED-LENGTH DATA ELEMENTS--GENERAL INFORMATION | |
| fixed length control field | 200203s2009 bg 001 0 eng d |
| 020 ## - INTERNATIONAL STANDARD BOOK NUMBER | |
| International Standard Book Number | 9848372007 |
| 040 ## - CATALOGING SOURCE | |
| Original cataloging agency | DLC |
| Transcribing agency | BD-DhUAP |
| Modifying agency | BD-DhUAP |
| Language of cataloging | Eng |
| 082 ## - DEWEY DECIMAL CLASSIFICATION NUMBER | |
| Edition number | 23 |
| Classification number | 349.37 KAB |
| 100 1# - MAIN ENTRY--PERSONAL NAME | |
| Personal name | Kabir, Lutful. |
| 245 10 - TITLE STATEMENT | |
| Title | Roman law / |
| Statement of responsibility, etc. | Lutful Kabir. |
| 250 ## - EDITION STATEMENT | |
| Edition statement | 4th ed. |
| 260 ## - PUBLICATION, DISTRIBUTION, ETC. | |
| Place of publication, distribution, etc. | Dhaka : |
| Name of publisher, distributor, etc. | Ain Prokashan, |
| Date of publication, distribution, etc. | c2009. |
| 300 ## - PHYSICAL DESCRIPTION | |
| Extent | xv, 246 pages ; |
| Dimensions | 22 cm. |
| 500 ## - GENERAL NOTE | |
| General note | Includes index. |
| 650 #0 - SUBJECT ADDED ENTRY--TOPICAL TERM | |
| Topical term or geographic name entry element | Roman law. |
| 942 ## - ADDED ENTRY ELEMENTS (KOHA) | |
| Source of classification or shelving scheme | |
| Koha item type | Book |
| Withdrawn status | Lost status | Source of classification or shelving scheme | Damaged status | Not for loan | Permanent Location | Current Location | Shelving location | Date acquired | Full call number | Barcode | Date last seen | Copy number | Price effective from | Koha item type |
|---|---|---|---|---|---|---|---|---|---|---|---|---|---|---|
| UAP Central Library | UAP Central Library | General Stacks | 2020-02-03 | 349.37 KAB | 3010013714 | 2020-02-03 | 1 | 2020-02-03 | Book | |||||
| UAP Central Library | UAP Central Library | General Stacks | 2020-02-03 | 349.37 KAB | 3010013303 | 2020-02-03 | 2 | 2020-02-03 | Book | |||||
| UAP Central Library | UAP Central Library | General Stacks | 2020-02-03 | 349.37 KAB | 3010013716 | 2020-02-03 | 3 | 2020-02-03 | Book | |||||
| UAP Central Library | UAP Central Library | General Stacks | 2020-02-03 | 349.37 KAB | 3010013306 | 2020-02-03 | 4 | 2020-02-03 | Book | |||||
| UAP Central Library | UAP Central Library | General Stacks | 2020-02-03 | 349.37 KAB | 3010013304 | 2020-02-03 | 5 | 2020-02-03 | Book | |||||
| UAP Central Library | UAP Central Library | General Stacks | 2020-02-03 | 349.37 KAB | 3010012787 | 2020-02-03 | 6 | 2020-02-03 | Book | |||||
| UAP Central Library | UAP Central Library | General Stacks | 2020-02-03 | 349.37 KAB | 3010013712 | 2020-02-03 | 7 | 2020-02-03 | Book | |||||
| UAP Central Library | UAP Central Library | General Stacks | 2020-02-03 | 349.37 KAB | 3010013305 | 2020-02-03 | 8 | 2020-02-03 | Book | |||||
| UAP Central Library | UAP Central Library | General Stacks | 2020-02-03 | 349.37 KAB | 3010013302 | 2020-02-03 | 9 | 2020-02-03 | Book | |||||
| UAP Central Library | UAP Central Library | General Stacks | 2020-02-03 | 349.37 KAB | 3010013713 | 2020-02-03 | 10 | 2020-02-03 | Book | |||||
| UAP Central Library | UAP Central Library | General Stacks | 2020-02-03 | 349.37 KAB | 3010013715 | 2020-02-03 | 11 | 2020-02-03 | Book |
Bengali Keyboard